[Event "Challengers' Cup"]
[Site "Seattle, WA"]
[Date "2015.11.07"]
[Round "1"]
[White "Haining Breck  (WA)"]
[Black "Mathews Daniel  (WA)"]
[Result "0-1"]
[WhiteElo "1345"]
[BlackElo "1724"]
[Annotator ""]
[Source ""]
[Remark "Reserve"]

1.e4 c6 2.Nc3 d5 3.exd5 cxd5 4.d4 e6 5.Nf3 Nc6 6.a3 Be7 7.Bd3
Bf6 8.Ne2 Nge7 9.O-O Ng6 10.c3 O-O 11.Ng3 e5 12.dxe5 Ncxe5 13.Bf5
Bxf5 14.Nxf5 Qd7 15.Nxe5 Bxe5 16.Ng3 Bxg3 17.hxg3 Rfe8 18.Be3
Re6 19.c4 Ne7 20.Re1 Rd8 21.cxd5 Nxd5 22.Bxa7 b6 23.Rxe6 fxe6
24.Bxb6 Nxb6 25.Qxd7 Rxd7 26.b3 Kf7 27.Ra2 Ke7 28.Rc2 Nd5 29.Rc6
Nf6 30.f3 Ra7 31.a4 Kd7 32.Rb6 Nd5 33.Rb5 Kc6 34.Kf2 Rd7 35.g4
Re7 36.Rb8 Kc5 37.Rb5+ Kd4 38.a5 Kc3 39.a6 Ra7 40.Rb7 Rxa6 41.Rxg7
Ra2+ 42.Kg3 Kd4 43.Rxh7 Ne3 44.Kf4 Rxg2 45.Rd7+ Nd5+ 46.Kg5 Ke5
47.Rf7 Rf2 48.Kh4 Nf4 49.g5 Rxf3 50.b4 Ng6+ 51.Kh5 Rxf7 52.Kxg6
Rb7 53.Kh6 Kf5 54.g6 Kf6 55.b5 Rg7 56.b6 Rxg6+ 57.Kh5 Rg8 58.Kh4
e5 59.b7 e4 0-1

[Event "Challengers' Cup"]
[Site "Seattle, WA"]
[Date "2015.11.07"]
[Round "1"]
[White "Huang Jared  (WA)"]
[Black "Allen Robert  (WA)"]
[Result "1-0"]
[WhiteElo "1173"]
[BlackElo "1700"]
[Annotator ""]
[Source ""]
[Remark "Reserve"]

1.d4 Nf6 2.c4 g6 3.Nf3 Bg7 4.g3 O-O 5.Bg2 d5 6.cxd5 Nxd5 7.e4
Nf6 8.Nc3 Bg4 9.Be3 Na6 10.O-O Rc8 11.Qb3 Rb8 12.d5 b6 13.Ne5
Qe8 14.Nc6 Ra8 15.Rac1 Nb8 16.Nb5 Nxc6 17.Nxc7 Qc8 18.Nxa8 Qxa8
19.Rxc6 e6 20.Rfc1 exd5 21.exd5 Bd7 22.Rc7 Rc8 23.Rxc8+ Bxc8
24.Bf4 Bb7 25.Rd1 Nd7 26.Qc2 Nc5 27.b3 Qd8 28.d6 Bxg2 29.Kxg2
h6 30.Qe2 Ne6 31.Be5 Bf8 32.Qc4 Qa8+ 33.Kg1 Ng5 34.Qd5 Qxd5 35.Rxd5
Nf3+ 36.Kg2 Nxe5 37.Rxe5 Bxd6 38.Re8+ Kg7 39.Kf3 Bc5 40.a3 a5
41.Ke2 g5 42.g4 h5 43.f3 Kg6 44.Kd3 f6 45.Ke4 Kf7 46.Rc8 Kg6
47.Kd5 Kf7 48.Rc7+ Kg6 49.Rxc5 bxc5 50.Kxc5 f5 51.Kd5 fxg4 52.fxg4
Kf6 53.h3 1-0

[Event "Challengers' Cup"]
[Site "Seattle, WA"]
[Date "2015.11.07"]
[Round "2"]
[White "Beck Alec  (WA)"]
[Black "Huang Jared  (WA)"]
[Result "1-0"]
[WhiteElo "1503"]
[BlackElo "1173"]
[Annotator ""]
[Source ""]
[Remark "Reserve"]

1.d4 d5 2.Nf3 Nf6 3.c4 e6 4.Nc3 c5 5.cxd5 exd5 6.dxc5 Bxc5 7.Bg5
d4 8.Bxf6 Qxf6 9.Ne4 Bb4+ 10.Ned2 O-O 11.a3 Ba5 12.b4 Bb6 13.g3
Rd8 14.Bg2 d3 15.O-O Bf5 16.Re1 Nc6 17.e4 Bg4 18.Qb3 Ne5 19.Nxe5
Qxe5 20.Rac1 Be2 21.Bf1 Bxf1 22.Rxf1 Qd4 23.Rc4 Qf6 24.Rc3 Rd7
25.Rxd3 Rad8 26.Rxd7 Rxd7 27.Nc4 h6 28.Nxb6 Qxb6 29.Rd1 Re7 30.Qd3
Qe6 31.f3 a6 32.Qd5 Qb6+ 33.Qc5 Qxc5+ 34.bxc5 Rc7 35.Rc1 b6 36.c6
Kf8 37.Kf2 Ke7 38.Ke3 Kd6 39.Kd4 Rxc6 40.e5+ Kd7 41.Rxc6 Kxc6
42.f4 g6 43.g4 b5 44.f5 gxf5 45.gxf5 h5 46.f6 Kd7 47.Kc5 Ke6
48.Kb6 Kxe5 49.Kxa6 Kxf6 50.Kxb5 Ke7 51.a4 f5 52.Kc5 f4 53.Kd4
f3 54.Ke3 f2 55.Kxf2 Kd6 56.Kg3 Kc5 57.Kh4 Kb4 58.Kxh5 Kxa4 59.Kg5
Kb4 60.h4 1-0

[Event "Challengers' Cup"]
[Site "Seattle, WA"]
[Date "2015.11.07"]
[Round "1"]
[White "Ahluwalia Anshul  (WA)"]
[Black "Sherrard Jerry  (OR)"]
[Result "0-1"]
[WhiteElo "1639"]
[BlackElo "2066"]
[Annotator ""]
[Source ""]
[Remark "Open"]

1.d4 Nf6 2.c4 e6 3.Nf3 Bb4+ 4.Bd2 a5 5.a3 Bxd2+ 6.Qxd2 d5 7.Nc3
O-O 8.e3 Nbd7 9.Bd3 b6 10.O-O Bb7 11.cxd5 exd5 12.Qc2 c5 13.Rad1
Rc8 14.Qb1 Re8 15.Bc2 Qe7 16.dxc5 bxc5 17.Rfe1 Ne5 18.Nxe5 Qxe5
19.Rd2 d4 20.Nb5 Rcd8 21.Rde2 Qh5 22.Bd3 Qd5 23.f3 dxe3 24.Nc7
Qxd3 25.Qxd3 Rxd3 26.Nxe8 Nxe8 27.Rxe3 Rxe3 28.Rxe3 Kf8 29.Re5
a4 30.Rxc5 Nd6 31.Ra5 Ke7 32.Rxa4 Nb5 33.Rb4 Bc6 34.Kf2 Kd6 35.Ke3
Kc5 36.Kd3 g5 37.Rc4+ Kd5 38.a4 Nd6 39.Rd4+ Ke5 40.g3 Bxf3 41.Rb4
f5 42.a5 Be4+ 43.Ke2 Bc6 44.a6 Bb5+ 45.Ke3 Bxa6 46.Rb8 f4+ 47.gxf4+
gxf4+ 48.Kf2 Bd3 49.Rf8 Ne4+ 50.Kf3 Nf6 51.Rxf6 Kxf6 52.Kxf4
Ke6 53.Kg4 Kd5 54.Kg3 Kc4 55.Kg2 Kb3 56.Kg3 Kxb2 57.Kf2 Kc2 58.Kg2
Kd2 59.Kf2 Be4 60.h4 h5 61.Kg3 Ke3 62.Kh3 Kf4 63.Kh2 Kg4 64.Kg1
Kxh4 65.Kh2 Kg4 66.Kg1 h4 67.Kf1 h3 0-1

[Event "Challengers' Cup"]
[Site "Seattle, WA"]
[Date "2015.11.07"]
[Round "2"]
[White "Olson Travis  (WA)"]
[Black "Deng Samuel  (WA)"]
[Result "1-0"]
[WhiteElo "1845"]
[BlackElo "1615"]
[Annotator ""]
[Source ""]
[Remark "Open"]

1.d4 Nf6 2.c4 e6 3.Nc3 Bb4 4.Qc2 O-O 5.a3 Bxc3+ 6.Qxc3 b6 7.Nf3
Bb7 8.Bg5 d6 9.e3 Nbd7 10.Be2 Qe8 11.Qc2 Ne4 12.Bh4 f5 13.O-O-O
c5 14.d5 exd5 15.cxd5 a6 16.Ng5 Nxg5 17.Bxg5 Ne5 18.h3 c4 19.Kb1
b5 20.Bf4 Rc8 21.g4 Qd7 22.Bxe5 dxe5 23.gxf5 Qxf5 24.Qxf5 Rxf5
25.Bg4 Rxf2 26.Bxc8 Bxc8 27.e4 Rf4 28.Rde1 a5 29.Kc1 Bd7 30.Kd2
Rf2+ 31.Re2 Rf3 32.Re3 Rf4 33.Ke2 g5 34.Rg1 h6 35.Rgg3 Kf7 36.Ref3
Kf6 37.b3 h5 38.bxc4 bxc4 39.Rxf4+ exf4 40.Rc3 Ke5 41.Kf3 g4+
42.hxg4 hxg4+ 43.Kf2 Kxe4 44.Rxc4+ Kxd5 45.Rxf4 a4 46.Ke3 Kc5
47.Rd4 Bb5 48.Rxg4 Bc4 49.Rg5+ Kc6 50.Kd4 Bb3 51.Kc3 Kd6 52.Kb4
Kc6 53.Rg6+ Kd7 54.Kb5 Kc7 55.Rg7+ Kd6 56.Rg2 Kd7 57.Rd2+ Ke6
58.Kc5 Ke5 59.Re2+ Kf5 60.Kd4 Kf6 61.Kc5 Kf5 62.Kd6 Kf6 63.Rf2+
Kg6 64.Ke5 Kg7 65.Rf6 Kg8 66.Kd6 Kg7 67.Ke7 Kh7 68.Kf8 Bc4 69.Rf4
Bb3 70.Rg4 Kh6 71.Ke7 Kh5 72.Rg1 Bc2 73.Kd6 Bb3 74.Kc5 Be6 75.Kb4
Bd7 76.Rg7 Bc6 1-0

[Event "Challengers' Cup"]
[Site "Seattle, WA"]
[Date "2015.11.07"]
[Round "2"]
[White "Pupols Viktors  (WA)"]
[Black "Raptis Nick  (OR)"]
[Result "1/2-1/2"]
[WhiteElo "2213"]
[BlackElo "2375"]
[Annotator ""]
[Source ""]
[Remark "Open"]

1.Nf3 Nf6 2.d4 d5 3.e3 g6 4.b4 Bg7 5.Bb2 O-O 6.Nbd2 b6 7.c4 dxc4
8.Bxc4 Bb7 9.O-O Nbd7 10.Qb3 e6 11.Rfd1 Qe7 12.b5 Rfc8 13.Ba3
Qe8 14.Rac1 Bf8 15.Bxf8 Qxf8 16.Be2 c5 17.bxc6 Rxc6 18.Rxc6 Bxc6
19.Ba6 Nb8 20.Bd3 Bb7 21.e4 Nc6 22.e5 Na5 23.Qb1 Bxf3 24.Nxf3
Nd5 25.Qc1 Rc8 26.Qg5 Nc3 27.Rf1 Nxa2 28.h4 Nb4 29.Be4 h6 30.Qg3
Rc3 31.Qf4 Nb3 32.h5 gxh5 33.Qf6 Nd5 34.Bxd5 exd5 35.e6 fxe6
36.Qxe6+ Qf7 37.Qxh6 Rxf3 38.gxf3 Nxd4 39.f4 Ne2+ 40.Kh1 Qf5
41.Qg5+ Qxg5 42.fxg5 Nc3 43.f4 b5 44.f5 Ne4 45.Ra1 Ng3+ 46.Kg2
Nxf5 47.Rxa7 b4 48.Rb7 Nd6 49.Rxb4 Ne4 50.Rd4 Nxg5 51.Rxd5 Ne6
52.Kg3 Kf7 53.Rxh5
{(And now, in spite of the fact that this is often thought of as a book draw,
these two masters vied on for many a move before coming to that conclusion themselves.)}
Ke7 54.Kg4 Kd6 55.Ra5 Nc5 56.Kf4 Kd5 57.Ra1 Ne6+ 58.Ke3 Nc5 59.Rd1+
Ke5 60.Rd8 Ne6 61.Re8 Kd5 62.Ra8 Nc5 63.Rh8 Ke5 64.Rh5+ Kd6 65.Kd4
Ne6+ 66.Kc4 Nf4 67.Rf5 Ne6 68.Rd5+ Ke7 69.Rd1 Kf6 70.Kd5 Nf4+
71.Ke4 Ne6 72.Rd6 Ke7 73.Rb6 Kd7 74.Ke5 Nc7 75.Rb1 Kc6 76.Rd1
Kc5 77.Rc1+ Kb6 78.Kd6 Nb5+ 79.Kd7 Na3 80.Rc3 Nb5 81.Rc4 Na3
82.Rc8 Nb5 83.Rc1 Nd4 84.Rh1 Kc5 85.Rh4 Kd5 86.Rh5+ Ke4 87.Kd6
Nf5+ 88.Kc5 Ke5 89.Rg5 Ke4 90.Rg8 Ne3 91.Re8+ Kd3 92.Re5 Ng4
93.Re6 Ne3 94.Re8 Nf5 95.Ra8 Ne3 96.Ra4 Nc2 97.Rc4 Kd2 98.Rh4
Kd3 99.Rh3+ Ne3 100.Rg3 Ke4 {(Through all that and only one repetition of position!)}
 1/2-1/2